| 000 | 01085cab a22002295a 4500 | ||
|---|---|---|---|
| 001 | L137455 | ||
| 008 | 070405s2007 xxk f 000 0 eng d | ||
| 035 | _a(Sirsi) u137455 | ||
| 041 | 0 | _aeng | |
| 100 | 1 | _aSoetanto, R | |
| 245 | 0 | 0 |
_aBriefing _bimproving management of people in construction |
| 260 | _c2007 | ||
| 490 |
_aManagement Procurement and Law _v160(MP1) February 2007, 7-8(2) |
||
| 520 | _aInvestigates employee empowerment, teamwork, leadership and how they interact within the project environment and supply chain context with the aim of enhancing construction project and organisational performance through the adoption of appropriate strategies. The investigation involved interviews, case studies and a questionnaire to understand current practices. It was found that empowered employees had a greater feeling of satisfaction, motivation and organisational loyalty. | ||
| 590 | _aKA | ||
| 650 | 2 | 4 | _aCONSTRUCTION INDUSTRY |
| 651 | 4 |
_aUnited Kingdom _y |
|
| 690 |
_aConstruction management _96230 |
||
| 700 | 1 | _aPrice, A. | |
| 700 | 1 | _aDainty, A. | |
| 942 | _n0 | ||
| 999 |
_c78607 _d78607 |
||